Los Campeones del Futbol Mexicano - Estadísticas

Estadísticas generales
  • Esta prueba ha sido intentada 197 veces
  • La puntuación promedio es 83 de 96
Estadísticas de respuestas
Año Respuesta % Correcto
1965-66 Club América
100%
1970-71 Club América
100%
1975-76 Club América
100%
1983-84 Club América
100%
1984-85 Club América
100%
PRODE 85 Club América
100%
1987-88 Club América
100%
1988-89 Club América
100%
Verano 2002 Club América
100%
Clausura 2005 Club América
100%
Clausura 2013 Club América
100%
Apertura 2014 Club América
100%
1956-57 Guadalajara
97%
1958-59 Guadalajara
97%
1959-60 Guadalajara
97%
1960-61 Guadalajara
97%
1961-62 Guadalajara
97%
1963-64 Guadalajara
97%
1964-65 Guadalajara
97%
1969-70 Guadalajara
97%
1986-87 Guadalajara
97%
Verano 1997 Guadalajara
97%
Apertura 2006 Guadalajara
97%
1968-69 Cruz Azul
96%
México '70 Cruz Azul
96%
1971-72 Cruz Azul
96%
1972-73 Cruz Azul
96%
1973-74 Cruz Azul
96%
1978-79 Cruz Azul
96%
1979-80 Cruz Azul
96%
Invierno 1997 Cruz Azul
96%
1977-78 Tigres UANL
96%
1981-82 Tigres UANL
96%
Apertura 2011 Tigres UANL
96%
Apertura 2015 Tigres UANL
96%
Apertura 2016 Tigres UANL
96%
Mexico 86 Monterrey
95%
Clausura 2003 Monterrey
95%
Apertura 2009 Monterrey
95%
Apertura 2010 Monterrey
95%
1976-77 UNAM
92%
1980-81 UNAM
92%
1990-91 UNAM
92%
Clausura 2004 UNAM
92%
Apertura 2004 UNAM
92%
Clausura 2009 UNAM
92%
Clausura 2011 UNAM
92%
Invierno 1999 Pachuca
88%
Invierno 2001 Pachuca
88%
Apertura 2003 Pachuca
88%
Clausura 2006 Pachuca
88%
Clausura 2007 Pachuca
88%
Clausura 2016 Pachuca
88%
Apertura 2012 Tijuana
87%
1966-67 Toluca
85%
1967-68 Toluca
85%
1974-75 Toluca
85%
Verano 1998 Toluca
85%
Verano 1999 Toluca
85%
Verano 2000 Toluca
85%
Apertura 2002 Toluca
85%
Apertura 2005 Toluca
85%
Apertura 2008 Toluca
85%
Bicentenario 2010 Toluca
85%
1950-51 Atlas
84%
Invierno 1996 Santos Laguna
84%
Verano 2001 Santos Laguna
84%
Clausura 2008 Santos Laguna
84%
Clausura 2012 Santos Laguna
84%
Clausura 2015 Santos Laguna
84%
1994-95 Necaxa
83%
1995-96 Necaxa
83%
Invierno 1998 Necaxa
83%
1947-48 León
82%
1948-49 León
82%
1951-52 León
82%
1955-56 León
82%
1991-92 León
82%
Apertura 2013 León
82%
Clausura 2014 León
82%
Invierno 2000 Morelia
79%
1982-83 Puebla
79%
1989-90 Puebla
79%
1946-47 Atlante
73%
1992-93 Atlante
73%
Apertura 2007 Atlante
73%
1945-46 Veracruz
72%
1949-50 Veracruz
72%
1993-94 Tecos
60%
1944-45 Real España
54%
1962-63 Oro
52%
1954-55 Zacatepec
49%
1957-58 Zacatepec
49%
1943-44 Asturias
44%
1952-53 Tampico Madero
38%
1953-54 Marte
37%
No se encontraron pruebas coincidentes
Distribución de puntuación
Porcentaje de gente con cada puntuación
Porcentaje por número respondido
Historial de tus puntuaciones
No has intentado esta prueba.